Los marcadores discursivos en el español informal en Costa Rica: una propuesta de diccionario
Furkejuvvon:
| Váldodahkki: | |
|---|---|
| Materiálatiipa: | Dovdameahttun |
| Giella: | Spanish |
| Almmustuhtton: |
Costa Rica
Universidad de Costa Rica
2014
|
| Fáttát: | |
| Fáddágilkorat: |
Lasit fáddágilkoriid
Eai fáddágilkorat, Lasit vuosttaš fáddágilkora!
|
MARC
| LEADER | 00000 a2200000 4500 | ||
|---|---|---|---|
| 008 | 190624b ||||| |||| 00| 0 spa d | ||
| 999 | |c 30732 |d 30732 | ||
| 040 | |a cru BVZT | ||
| 090 | |a TESIS 938 | ||
| 100 | |a Benavides González, María | ||
| 245 | |a Los marcadores discursivos en el español informal en Costa Rica: una propuesta de diccionario |c María Benavides González | ||
| 260 | |a Costa Rica |b Universidad de Costa Rica |c 2014 | ||
| 300 | |a 187 páginas | ||
| 650 | 0 | |9 237 |a TRABAJO FINAL DE GRADUACIÓN | |
| 650 | 0 | |9 55 |a LINGÜÍSTICA | |
| 653 | |a MAESTRÍA ACADÉMICA EN LINGÜÍSTICA | ||
| 653 | |a ESPAÑOL INFORMAL |a MARCADORES DISCURSIVOS | ||
| 942 | |c SALA |h TESIS 938 |2 z | ||
